000
00270nam a2200109Ia 4500
008
190216s9999||||xx |||||||||||||| ||und||
100
_a
Pandey I M
245
0
_a
Management Accounting A Planning And Control Approach
260
_b
Null
_c
1983
300
_a
462p
942
_c
BK
999
_c
5216
_d
5216